00913nam a2200217 a 450000100100000000500170001000800410002704000250006808200110009324502010010426000580030530000280036359000260039170000270041770000280044470000290047270000300050170000380053195201090056999900170067800004847820201002061201.0190322s2013 dr ac 000 0 spa d aDO-SdBNPbspacBNPHU axxbxx00aGuía de parques divertidos :bconoce nuestros parques favoritos de la ciudad de Santo Domingo /cCamila Mejía, Diego Capeáns, Maia Castañeda y Manuel Martínez ; fotografías Alex Otero. a[Santo Domingo] :bJardín Botanico Nacional,c2013. a20 p. :bils. ;c23 cm. aInventariado, 2019/VM1 aMejía, Camila9758941 aCapeáns, Diego9758951 aCastañeda, Maia9758961 aMartínez, Manuel9758971 aOtero, Alexefotografías975898 0010718PDaPDbPDcHDd2019-03-22iLF1l0oxx xxp48478-10r2020-06-25w2020-06-25yLFPDZNo se presta c47966d47966